000 00961nam0a22002411 4500
001 rc\3317874
005 20130115150745.7
035 _a(NLR Aleph) 007418210
090 _a6887894
_c6887894
100 _a20130115d1970 |||y0rusy50 ca
101 0 _arus
102 _aRU
105 _ay z |||||
200 1 _aИзучение Балтийского моря
_e(Тезисы докладов)
_fРед. коллегия: Андрушайтис Г.П. (отв. ред.) [и др.]
_gАН Латв. ССР. Ин-т биологии. АН СССР. Комис. по разработке проблем охраны природных вод
210 _aРига
_cЗинатне
_d1970
215 _a42 с.
_d21
333 _aДля служебного пользования. Экз. № 48
702 1 _aАндрушайтис
_bГ. П.
_4340
801 0 _aRU
_bNLR
_gpsbo
801 1 _aRU
_bELAR
_2rusmarc
852 _aNLR
_j50К/26222
942 _cBOOK
980 _aNB